000
00264nam a22001217a 4500
008
181102b xxu||||| |||| 00| 0 eng d
041
_a
eng
080
_a
610
100
_a
4
101
_a
SHM
245
_a
Practice-Based Learning
_c
Barrows,H.S
942
_2
udc
_c
BK
999
_c
51595
_d
51595